00436 2200181 4500001002100000005001500021008004100036020001500077035001900092041000700111082000800118090001400126100001900140245002000159260002800179300002500207650002200232INLIS00000000000307520241224112644241224||||||||| | ||| |||| || |  a978-759-22 0010-1224003075 aid0 a813 a813 NUG t0 aYanusa Nugroho00aTamu Dari Paris aJakartabGrasindoc2005 ax, 133 hlm. : 20 cm. 0aIlmu Kesusastraan